<?xml version="1.0" encoding="UTF-8"?><?xml-stylesheet type="text/xsl" href="static/style.xsl"?><OAI-PMH xmlns="http://www.openarchives.org/OAI/2.0/" xmlns:xsi="http://www.w3.org/2001/XMLSchema-instance" xsi:schemaLocation="http://www.openarchives.org/OAI/2.0/ http://www.openarchives.org/OAI/2.0/OAI-PMH.xsd"><responseDate>2026-04-17T18:03:54Z</responseDate><request verb="GetRecord" identifier="oai:www.recercat.cat:20.500.12327/4826" metadataPrefix="marc">https://recercat.cat/oai/request</request><GetRecord><record><header><identifier>oai:recercat.cat:20.500.12327/4826</identifier><datestamp>2025-11-09T14:39:07Z</datestamp><setSpec>com_2072_4428</setSpec><setSpec>com_2072_4427</setSpec><setSpec>col_2072_487898</setSpec></header><metadata><record xmlns="http://www.loc.gov/MARC21/slim" xmlns:dcterms="http://purl.org/dc/terms/" xmlns:xsi="http://www.w3.org/2001/XMLSchema-instance" xmlns:doc="http://www.lyncode.com/xoai" xsi:schemaLocation="http://www.loc.gov/MARC21/slim http://www.loc.gov/standards/marcxml/schema/MARC21slim.xsd">
   <leader>00925njm 22002777a 4500</leader>
   <datafield ind2=" " ind1=" " tag="042">
      <subfield code="a">dc</subfield>
   </datafield>
   <datafield ind2=" " ind1=" " tag="720">
      <subfield code="a">Real Tortosa, Núria</subfield>
      <subfield code="e">author</subfield>
   </datafield>
   <datafield ind2=" " ind1=" " tag="720">
      <subfield code="a">Pons-Solé, Gemma</subfield>
      <subfield code="e">author</subfield>
   </datafield>
   <datafield ind2=" " ind1=" " tag="720">
      <subfield code="a">Luque, Jordi</subfield>
      <subfield code="e">author</subfield>
   </datafield>
   <datafield ind2=" " ind1=" " tag="720">
      <subfield code="a">Llugany, Mercè</subfield>
      <subfield code="e">author</subfield>
   </datafield>
   <datafield ind2=" " ind1=" " tag="720">
      <subfield code="a">Martos, Soledad</subfield>
      <subfield code="e">author</subfield>
   </datafield>
   <datafield ind2=" " ind1=" " tag="260">
      <subfield code="c">2025-09-17</subfield>
   </datafield>
   <datafield ind2=" " ind1=" " tag="520">
      <subfield code="a">Red leaf blotch (RLB) of almond, caused by Polystigma amygdalinum, is an economically important foliar disease affecting almond crops. This study explored the hormonal responses of two almond cultivars, namely ‘Tarraco’ (highly susceptible) and ‘Mardía’ (highly tolerant), to P. amygdalinum. Hormonal profiling and gene expression analyses were conducted to examine the roles of salicylic acid (SA), jasmonic acid (JA), and 1-aminocyclopropane-1-carboxylic (ACC) acids, and methyl jasmonate (MeJA) in plant defense mechanisms. Results showed a significant accumulation of SA in symptomatic leaves of both cultivars, suggesting a SA-mediated defense response to the pathogen. However, no substantial changes in JA and ACC levels were observed. In ‘Tarraco’, expression of SA-responsive genes (PR1 and PR5) and ET/JA-associated genes (ACO and ERF1) increased, but the cultivar remained susceptible. In contrast, symptomatic ‘Mardía’ leaves exhibited increased expression in CAD, linked to lignin biosynthesis, while other hormone-related genes (ACO, ERF1, PR1, and PR5) did not show significant changes. Thus, ‘Mardía’ could be following a different defense strategy against RLB. Exogenous applications of SA and MeJA significantly reduced RLB incidence and severity in young ‘Tarraco’ trees, with MeJA enhancing ERF1 expression and SA increasing both ERF1 and CAD expression. MeJA also inhibited plant growth. These findings reveal contrasting defense mechanisms between the two almond cultivars, suggesting a possible protection against RLB through lignin biosynthesis. Furthermore, the protective role of SA would be associated with CAD, indicating a connection between SA signaling and the phenylpropanoid pathway.</subfield>
   </datafield>
   <datafield ind1="8" ind2=" " tag="024">
      <subfield code="a">Real, Núria, Gemma Pons-Solé, Jordi Luque, Mercè Llugany, and Soledad Martos. “Salicylic Acid and Methyl Jasmonate Activate Key Genes of Plant-defense Pathways Conferring Partial Protection to Polystigma Amygdalinum in a Susceptible Almond Cultivar.” Journal of Plant Physiology 314 (September 17, 2025): 154615. https://doi.org/10.1016/j.jplph.2025.154615.</subfield>
   </datafield>
   <datafield ind1="8" ind2=" " tag="024">
      <subfield code="a">0176-1617</subfield>
   </datafield>
   <datafield ind1="8" ind2=" " tag="024">
      <subfield code="a">http://hdl.handle.net/20.500.12327/4826</subfield>
   </datafield>
   <datafield ind1="8" ind2=" " tag="024">
      <subfield code="a">https://doi.org/10.1016/j.jplph.2025.154615</subfield>
   </datafield>
   <datafield ind2="0" ind1="0" tag="245">
      <subfield code="a">Salicylic acid and methyl jasmonate activate key genes of plant-defense pathways conferring partial protection to Polystigma amygdalinum in a susceptible almond cultivar</subfield>
   </datafield>
</record></metadata></record></GetRecord></OAI-PMH>